000 00617nam a2200205Ii 4500
003 JO-AjNU
008 230605s9999||||xx |||||||||||||| ||und||
017 _a1355
040 _aJO-AjNU
_bara
_erda
_cJO-AjNU
041 _aara
050 1 4 _aQB981.B7412
100 3 _aبريجر، جون؛ ترجمة نهاد العبيدي,
_eauthor
_940752
245 0 0 _aالكون المرآة
264 3 1 _aالعراق:دار وسيط ، 1900
300 _a219ص
336 _atext
_btxt
_2rdacontent
337 _aunmediated
_bn
_2rdamedia
338 _avolume
_bnc
_2rdacarrier
650 4 _aالكون -الفلك
_940753
999 _aA17320
_c20888
_d20888